000 00464nam a2200181Ia 4500
001 18737
005 20260306171652.0
008 260306s9999||||xx |||||||||||||| ||und||
041 _aESP
082 _a658.5
_bC269
100 _aCoyle, John J.
_eAUT
245 0 _aAdministración de la cadena de suministro:
_buna perspectiva logística
260 _c2013
300 _a646 páginas :
_c27 cm.
650 _aGEN
654 _aCAN
942 _cLIB
_dJUS
_fJUS
_2ddc
_n
999 _c18737
_d18737